Datum a čas kvízu
20.5
Celkem bodů
Celkový počet nahraných bodů na tomto kvízu bez doplňovacích otázek.
6.
Pořadí na kvízu
Konečné umístění týmu na tomto kvízu.
Zaznamenané odpovědi
| # | Otázka | Odpověď | Body | Výsledky |
|---|---|---|---|---|
| 1. | Jak se jmenuje 56letý český da... | Zbyšek Pantůček | 0 | |
| 2. | Paprička jisté odrůdy existuje... | Pepper X | 0 | |
| 3. | Ve čtvrtek koncertoval v pražs... | Louis Tomlinson, One Direction | 0.5 | |
| 4. | Nápojářský gigant Kofola bude... | v Kolumbii | 0 | |
| 5. | O víkendu padl v české nejvyšš... | Zlín, Mladá Boleslav | 1 | |
| 6. | V tomto tématu zabrousíme do č... | Ilja Racek | 0 | |
| 7. | Drama Nabarvené ptáče z roku 2... | Václav Marhoul | 1 | |
| 8. | V srpnu 2023 přišel do kin fil... | Nikdy neříkej nikdy | 0 | |
| 9. | Autorská dvojice Ladislav Pech... | Dobří holubi se vracejí | 1 | |
| 10. | Ptakopysk sice není pták, ale... | Nejistá sezona | 0 |